[Event "Riga Tech Open A 2014"]
[Site "Riga LAT"]
[Date "2014.08.24"]
[Round "9.11"]
[White "Goganov, Aleksey"]
[Black "Rombaldoni, Axel"]
[Result "1-0"]
[WhiteTitle "GM"]
[BlackTitle "GM"]
[WhiteElo "2604"]
[BlackElo "2507"]
[WhiteFideId "24109959"]
[BlackFideId "815837"]
[EventDate "2014.08.16"]

1. c4 b6 2. e4 Bb7 3. Nc3 e6 4. Nf3 c5 5. Bd3 d6 6. Bc2 Nf6 7. d4 cxd4 8. Nxd4
Nbd7 9. O-O Be7 10. b3 O-O 11. Bb2 a6 12. Kh1 Re8 13. f4 Rc8 14. Qe1 Qc7 15. Qg3
Bf8 16. Rae1 e5 17. fxe5 dxe5 18. Nf5 g6 19. Bb1 Kh8 20. Ne3 Bg7 21. Ncd5 Bxd5
22. cxd5 b5 23. Qh4 Qd6 24. Rf3 Qb4 25. Ref1 Qd2 26. Nd1 Kg8 27. a3 Rc7 28. R3f2
Qh6 29. Qxh6 Bxh6 30. Rxf6 Nxf6 31. Rxf6 Rec8 32. Bd3 Ra7 33. Kg1 Bg5 34. Rf3 f6
35. Kf1 Kg7 36. Ke2 Bc1 37. Bxc1 Rxc1 38. Kd2 Ra1 39. Bc2 Rxa3 40. Kc1 b4 41.
Nb2 Ra1+ 42. Bb1 Ra5 43. Na4 f5 44. Bd3 fxe4 45. Bxe4 Rb5 46. d6 Rd7 47. Bc6
Rxd6 48. Bxb5 axb5 49. Nb2 e4 50. Rf4 Rc6+ 51. Kd2 Rc3 52. Rxe4 Rxb3 53. Nd3 Ra3
54. Rxb4 Ra5 55. Ke3 Kf6 56. Nc5 g5 57. Nb3 Ra2 58. Kf3 Rc2 59. Rxb5 Rc3+ 60.
Ke2 Rc2+ 61. Nd2 1-0

[Event "Riga Tech Open A 2014"]
[Site "Riga LAT"]
[Date "2014.08.24"]
[Round "9.12"]
[White "Bok, Benjamin"]
[Black "Biolek, Richard Jr."]
[Result "1-0"]
[WhiteTitle "GM"]
[BlackTitle "IM"]
[WhiteElo "2587"]
[BlackElo "2438"]
[WhiteFideId "1017063"]
[BlackFideId "319996"]
[EventDate "2014.08.16"]

1. e4 e5 2. Nf3 Nc6 3. Bc4 Nf6 4. Ng5 d5 5. exd5 Na5 6. Bb5+ c6 7. dxc6 bxc6 8.
Bd3 Nd5 9. Nf3 Bd6 10. O-O O-O 11. Re1 Qc7 12. Bf1 Bg4 13. h3 Bxf3 14. Qxf3 f5
15. d3 e4 16. Qd1 e3 17. Bxe3 f4 18. Bd2 f3 19. Nc3 Nxc3 20. Bxc3 Bg3 21. gxf3
Bf4 22. Qe2 Rf7 23. Be5 Bxe5 24. Qxe5 Qb6 25. Bg2 Raf8 26. Re4 c5 27. Rae1 h6
28. Qd5 Kh8 29. Re8 Rf6 30. Qa8 Qd6 31. Rxf8+ Rxf8 32. Re8 Rxe8 33. Qxe8+ Kh7
34. f4 1-0

[Event "Riga Tech Open A 2014"]
[Site "Riga LAT"]
[Date "2014.08.24"]
[Round "9.13"]
[White "Yemelin, Vasily"]
[Black "Ben Artzi, Ido"]
[Result "1/2-1/2"]
[WhiteTitle "GM"]
[BlackTitle "FM"]
[WhiteElo "2573"]
[BlackElo "2395"]
[WhiteFideId "4113217"]
[BlackFideId "2810913"]
[EventDate "2014.08.16"]

1. e4 e5 2. Nf3 Nc6 3. Bb5 a6 4. Ba4 Nf6 5. O-O Be7 6. Re1 b5 7. Bb3 d6 8. c3
O-O 9. d3 Na5 10. Bc2 c5 11. Nbd2 Nc6 12. Nf1 h6 13. Ne3 Re8 14. a4 b4 15. d4
cxd4 16. cxd4 exd4 17. Nxd4 Nxd4 18. Qxd4 Bb7 19. Nf5 Bf8 20. Bf4 Rc8 21. Bd3 d5
22. Qa7 Qd7 23. Bxa6 Bxa6 24. Qxa6 Nxe4 25. Nd4 Nc5 26. Qf1 Nxa4 27. b3 Nc5 28.
Rxe8 Qxe8 29. Be3 Ra8 30. Rxa8 Qxa8 31. h4 Qa2 32. Qd1 Qb2 33. h5 Qc3 34. g3 Ne6
35. Nf5 Qe5 36. Qg4 Kh7 37. Nd4 Bc5 38. Nxe6 Bxe3 39. Nf8+ Kg8 40. Nd7 Qa1+ 41.
Kg2 Qb2 42. Qf5 Bd4 43. Qf4 Ba7 44. Ne5 f6 45. Nc6 Bc5 46. Qf3 Kh8 47. Nd8 Qc2
48. Ne6 Bxf2 49. Qxd5 Bb6+ 50. Kh3 Qc8 51. Qd6 Bc5 52. Qd5 Be3 53. Kg2 Qc2+ 54.
Kf3 Qf2+ 55. Kg4 Qe2+ 56. Kh3 Qf1+ 57. Kg4 Qe2+ 58. Kh3 Qf1+ 59. Kg4 Qe2+ 60.
Kh3 Qf1+ 1/2-1/2

[Event "Riga Tech Open A 2014"]
[Site "Riga LAT"]
[Date "2014.08.24"]
[Round "9.14"]
[White "Steinberg, Nitzan"]
[Black "Miezis, Normunds"]
[Result "1-0"]
[WhiteTitle "IM"]
[BlackTitle "GM"]
[WhiteElo "2420"]
[BlackElo "2524"]
[WhiteFideId "2801795"]
[BlackFideId "11600136"]
[EventDate "2014.08.16"]

1. e4 c5 2. Nf3 e6 3. d4 cxd4 4. Nxd4 a6 5. c4 Nf6 6. Nc3 Bb4 7. Qd3 Nc6 8. Nxc6
dxc6 9. e5 Qxd3 10. Bxd3 Nd7 11. f4 f6 12. exf6 gxf6 13. Bd2 f5 14. O-O-O b5 15.
Rhe1 Kf7 16. Ne2 Bxd2+ 17. Rxd2 Nb6 18. c5 Nd5 19. g3 h5 20. Nd4 Bd7 21. Be2 h4
22. Nf3 hxg3 23. Ne5+ Ke7 24. Ng6+ Kf6 25. Nxh8 gxh2 26. Ng6 Kxg6 27. Bf3 Rh8
28. Rh1 Rh4 29. Rg2+ Kf6 30. Bxd5 cxd5 31. Rhxh2 Rxf4 32. Rh6+ Ke5 33. Rg7 Rc4+
34. Kb1 Rxc5 35. Rxd7 Rc6 36. Rh2 f4 37. Rf7 Ke4 38. Re2+ Kd3 39. Re5 Kd4 40.
Re1 e5 41. Rf5 e4 42. Rxf4 Kd3 43. Rd1+ Ke3 44. Rff1 Rd6 45. Rfe1+ Kf3 46. Rd4
e3 47. Kc2 Kf2 48. Kd1 a5 49. Re2+ Kf3 50. Rd3 1-0

[Event "Riga Tech Open A 2014"]
[Site "Riga LAT"]
[Date "2014.08.24"]
[Round "9.15"]
[White "Baron, Tal"]
[Black "Kobo, Ori"]
[Result "1-0"]
[WhiteTitle "GM"]
[BlackTitle "FM"]
[WhiteElo "2519"]
[BlackElo "2365"]
[WhiteFideId "2809958"]
[BlackFideId "2812320"]
[EventDate "2014.08.16"]

1. Nf3 d5 2. d4 Nf6 3. c4 c6 4. Nc3 g6 5. cxd5 cxd5 6. Bf4 Nc6 7. e3 a6 8. h3
Bg7 9. Rc1 O-O 10. Bd3 Bf5 11. O-O Rc8 12. Ne5 Nxe5 13. dxe5 Ne4 14. Bxe4 dxe4
15. Qa4 Qb6 16. Nd5 Qe6 17. Nc7 Qd7 18. Qc2 Rfd8 19. Rcd1 Qc6 20. Qxc6 bxc6 21.
Nxa6 Be6 22. b3 Rd5 23. Rxd5 cxd5 24. Nb4 f6 25. exf6 Bxf6 26. Rd1 Rc5 27. a4
Bf7 28. Bb8 d4 29. exd4 Rc8 30. Be5 Bxb3 31. Ra1 Bxe5 32. dxe5 Rc4 33. Nd5 Rxa4
34. Nxe7+ Kf7 35. Rb1 Kxe7 36. Rxb3 Ke6 37. Rb7 Kxe5 38. Rxh7 Kf6 39. Rh8 Ra2
40. Re8 Ra4 41. Kh2 Kf7 42. Rb8 Kf6 43. Rf8+ Kg7 44. Rc8 Kf6 45. Kg3 Ra2 46.
Rf8+ Kg7 47. Re8 Re2 48. f3 e3 49. Re5 Kf6 50. f4 Kf7 51. h4 Kf6 52. Re4 Kf5 53.
Re8 Kf6 54. Re5 Kf7 55. Kh3 Rf2 56. Kg3 Re2 57. Rg5 Kf6 58. Kf3 Re1 59. Re5 Rf1+
60. Kxe3 Re1+ 61. Kf3 Rh1 62. g3 Rh2 63. Ra5 Rh1 64. Kg4 Rh2 65. Ra6+ Kf7 66.
Kg5 1-0

[Event "Riga Tech Open A 2014"]
[Site "Riga LAT"]
[Date "2014.08.24"]
[Round "9.16"]
[White "Werle, Jan"]
[Black "Jarmula, Lukasz"]
[Result "1-0"]
[WhiteTitle "GM"]
[WhiteElo "2511"]
[BlackElo "2277"]
[WhiteFideId "1006088"]
[BlackFideId "1160664"]
[EventDate "2014.08.16"]

1. d4 Nf6 2. c4 c5 3. d5 e6 4. Nc3 exd5 5. cxd5 d6 6. e4 g6 7. Bd3 Bg7 8. h3 O-O
9. Nf3 b5 10. Nxb5 Re8 11. O-O Nxe4 12. Re1 a6 13. Nc3 Nxc3 14. Rxe8+ Qxe8 15.
bxc3 Bxc3 16. Rb1 Nd7 17. Qa4 Qd8 18. Bf4 Qc7 19. Qc6 Qxc6 20. dxc6 Nf6 21. Bxd6
Ne8 22. Bxc5 Be6 23. Rc1 Bg7 24. a4 Bd5 25. Nd4 Nc7 26. Bb6 Rc8 27. a5 Bxd4 28.
Bxd4 Nb5 29. Bxb5 axb5 30. c7 Kf8 31. Bf6 1-0

[Event "Riga Tech Open A 2014"]
[Site "Riga LAT"]
[Date "2014.08.24"]
[Round "9.17"]
[White "Prohaszka, Peter2"]
[Black "Argandona Riveiro, Inigo"]
[Result "1-0"]
[WhiteTitle "GM"]
[BlackTitle "IM"]
[WhiteElo "2595"]
[BlackElo "2423"]
[WhiteFideId "726265"]
[BlackFideId "2212072"]
[EventDate "2014.08.16"]

1. d4 d6 2. Nf3 f5 3. g3 Nf6 4. Bg2 g6 5. b3 Bg7 6. Bb2 O-O 7. O-O Qe8 8. c4 Na6
9. Qc2 c5 10. Nc3 e5 11. dxe5 dxe5 12. Rad1 e4 13. Ne1 Nb4 14. Qc1 Ng4 15. h3
Nf6 16. Nc2 f4 17. Nxb4 cxb4 18. Nb5 fxg3 19. Nc7 Qe7 20. Nxa8 gxf2+ 21. Rxf2
Bf5 22. Rdf1 Rxa8 23. Rxf5 gxf5 24. Rxf5 Rf8 25. Qg5 Qd6 26. Be5 Qc5+ 27. e3 Qc6
28. Bd4 b6 29. h4 h6 30. Qg6 Rf7 31. Rf4 Qd6 32. Bxe4 Qe7 33. Bd5 Nxd5 34. Rxf7
Qxf7 35. Qxf7+ Kxf7 36. cxd5 Bxd4 37. exd4 Ke7 38. Kf2 Kd6 39. h5 Kxd5 40. Ke3
Kd6 41. Ke4 Ke6 42. d5+ Kd6 43. Kd4 Kd7 44. Ke5 Ke7 45. d6+ Kd7 46. Kd5 Kd8 47.
Ke4 1-0

[Event "Riga Tech Open A 2014"]
[Site "Riga LAT"]
[Date "2014.08.24"]
[Round "9.18"]
[White "Neiksans, Arturs"]
[Black "Soors, Stef"]
[Result "1-0"]
[WhiteTitle "GM"]
[BlackTitle "IM"]
[WhiteElo "2572"]
[BlackElo "2391"]
[WhiteFideId "11601388"]
[BlackFideId "209511"]
[EventDate "2014.08.16"]

1. Nf3 Nf6 2. g3 b6 3. Bg2 Bb7 4. O-O g6 5. c4 c5 6. Nc3 Bg7 7. d4 cxd4 8. Qxd4
d6 9. Rd1 Nbd7 10. Be3 Rc8 11. Rac1 O-O 12. Qh4 a6 13. b3 Rc7 14. g4 h6 15. h3
g5 16. Qg3 b5 17. Nd2 Qa8 18. Bxb7 Qxb7 19. h4 bxc4 20. hxg5 hxg5 21. Nxc4 Rfc8
22. Qf3 Qxf3 23. exf3 Ne5 24. Nb6 Nxf3+ 25. Kg2 Nh4+ 26. Kh3 Rb8 27. Nbd5 Nxd5
28. Nxd5 Rxc1 29. Nxe7+ Kf8 30. Rxc1 Bb2 31. Rd1 f6 32. Nc6 Rc8 33. Rxd6 Kf7 34.
Nd4 a5 35. Rc6 Rd8 36. Nf5 Be5 37. Nxh4 Rh8 38. Kg2 Rxh4 39. Kf3 Rh8 40. Rc5 a4
41. bxa4 Ke6 42. a5 Bd6 43. Rb5 Ra8 44. Ke4 Bc7 45. Bd2 Ra6 46. Bc3 Bd8 47. Kd3
Rc6 48. Bd4 Ra6 49. Bb6 Be7 50. Kc4 Ra8 51. Rb2 Bd6 52. Kb5 Kd7 53. Rd2 1-0